| 000 | 00788nam a2200265Ia 4500 | ||
|---|---|---|---|
| 003 | OSt | ||
| 005 | 20220927112118.0 | ||
| 006 | a|||||r|||| 00| 0 | ||
| 007 | ta | ||
| 008 | 220926b |||||||| |||| 00| 0 eng d | ||
| 024 | _a109014 | ||
| 037 | _cReports | ||
| 040 |
_aRTL _cRTL _beng |
||
| 041 |
_2eng _aeng |
||
| 082 | _a"X9(M72).2.N45t, H6" | ||
| 110 |
_aIndia. Woollen Industry _9383139 |
||
| 111 |
_aWoollen Industry (Panel On-) (Chairman : A K Wattal) (1945 : India) _9383140 |
||
| 245 | 0 | _aReport | |
| 260 |
_aDelhi _bManager Of Publication India _c1946 |
||
| 300 |
_a60p. _ccm. |
||
| 650 |
_aWoolen Industry _9359021 |
||
| 700 |
_aIndia. Woollen Industry _9383141 |
||
| 942 |
_h"X9(M72).2.N45t, H6" _cCC |
||
| 999 |
_c699821 _d699821 |
||